<?xml version="1.0" encoding="UTF-8"?><?xml-stylesheet type="text/xsl" href="static/style.xsl"?><OAI-PMH xmlns="http://www.openarchives.org/OAI/2.0/" xmlns:xsi="http://www.w3.org/2001/XMLSchema-instance" xsi:schemaLocation="http://www.openarchives.org/OAI/2.0/ http://www.openarchives.org/OAI/2.0/OAI-PMH.xsd"><responseDate>2026-04-17T20:45:21Z</responseDate><request verb="GetRecord" identifier="oai:www.recercat.cat:10230/68798" metadataPrefix="marc">https://recercat.cat/oai/request</request><GetRecord><record><header><identifier>oai:recercat.cat:10230/68798</identifier><datestamp>2025-12-19T20:26:24Z</datestamp><setSpec>com_2072_6</setSpec><setSpec>col_2072_452954</setSpec></header><metadata><record xmlns="http://www.loc.gov/MARC21/slim" xmlns:dcterms="http://purl.org/dc/terms/" xmlns:xsi="http://www.w3.org/2001/XMLSchema-instance" xmlns:doc="http://www.lyncode.com/xoai" xsi:schemaLocation="http://www.loc.gov/MARC21/slim http://www.loc.gov/standards/marcxml/schema/MARC21slim.xsd">
   <leader>00925njm 22002777a 4500</leader>
   <datafield ind2=" " ind1=" " tag="042">
      <subfield code="a">dc</subfield>
   </datafield>
   <datafield ind2=" " ind1=" " tag="720">
      <subfield code="a">Fuentes Vergara, Paula</subfield>
      <subfield code="e">author</subfield>
   </datafield>
   <datafield ind2=" " ind1=" " tag="260">
      <subfield code="c">2024-11-22T19:10:09Z</subfield>
   </datafield>
   <datafield ind2=" " ind1=" " tag="260">
      <subfield code="c">2024-11-22T19:10:09Z</subfield>
   </datafield>
   <datafield ind2=" " ind1=" " tag="260">
      <subfield code="c">2024</subfield>
   </datafield>
   <datafield ind2=" " ind1=" " tag="520">
      <subfield code="a">Treball de fi de màster en Estudis de Cinema i Audiovisual Contemporanis</subfield>
   </datafield>
   <datafield ind2=" " ind1=" " tag="520">
      <subfield code="a">Tutora: Glòria Salvadó Corretger</subfield>
   </datafield>
   <datafield ind2=" " ind1=" " tag="520">
      <subfield code="a">La cuestión de la enfermedad ha estado históricamente relegada a la mirada del “otro”, no obstante, a partir de los años 90s y hasta la actualidad la representación cinematográfica ha encontrado nuevas derivas que permiten situar al sujeto enfermo, aunque al margen de la sociedad, en el centro del discurso. La presente investigación pretende aproximarse a la comprensión de una cierta poética del amor y la enfermedad en primera persona, tomando como objeto de estudio el cine documental autobiográfico de cineastas como Hervé Guibert, Derek Jarman, Joaquim Pinto, Johan van der Keuken, Sue Friedrich, Yvonne Rainer, Jacques Demy o Stephen Dwoskin. A partir de un análisis basado en el cuerpo, el tiempo y la mirada, busco establecer un diálogo de voces corales, de experiencias en torno a la re-conquista y re-construcción del “yo” enfermo. Parto para ello de la obra poética Poesía última de amor e enfermidade de Lois Pereiro.</subfield>
   </datafield>
   <datafield tag="653" ind2=" " ind1=" ">
      <subfield code="a">Mort en la cinematografia</subfield>
   </datafield>
   <datafield ind2="0" ind1="0" tag="245">
      <subfield code="a">Amor y enfermedad: una dicotomía transformadora en el cine autobiográfico</subfield>
   </datafield>
</record></metadata></record></GetRecord></OAI-PMH>